000 00765nam a2200253 a 4500
008
020 _a9780008317447 (hardback)
040 _aNUST
_cNUST
049 _aMAIN
090 _aSB419
_bVIU
100 1 _aViumdal, Jorn.,
_aauthor.
245 1 0 _aSkogluft :
_bforest air/
_c Jorn Viumdal translation by Robert Ferguson.
260 _aLondon :
_bThorsons,
_c2019.
300 _a287 pages :
_bcolour illustrations ;
_c23 cm.
336 _atext
_btxt
_2rdacontent
337 _aunmediated
_bn
_2rdamedia
338 _avolume
_bnc
_2rdacarrier
650 1 _aHouse plants.
650 _aIndoor gardening.
907 _a.b10401957
_b10-05-21
_c10-05-21
003
005 20230123141154.0
942 _cBOOKS
_kSB419
_mVIU
999 _c168900
_d168900